[Event "Hessen-ch qual"]
[Site "Bruchkoebel"]
[Date "2002.03.29"]
[Round "10"]
[White "Wolf, Holger"]
[Black "Siegismund, Bernd"]
[Result "1/2-1/2"]
[WhiteElo "1809"]
[BlackElo "1780"]
[PlyCount "54"]
[EventDate "2002.03.22"]
[EventType "swiss"]
[EventRounds "11"]
[EventCountry "GER"]
[SourceTitle "EXT 2003"]
[Source "ChessBase"]
[SourceDate "2002.11.25"]
[SourceVersion "1"]
[SourceVersionDate "2002.11.25"]
[SourceQuality "1"]

1. e4 c5 2. b3 d6 3. Bb2 e5 4. d3 Nf6 5. Nf3 g6 6. Be2 Bg7 7. 0-0 0-0 8. Nbd2 Be6 9. Ng5 Qd7 10. Nxe6 Qxe6 11. f4 exf4 12. Rxf4 Nbd7 13. Rf2 Bh6 14. Nf1 Ne5 15. h3 Nfd7 16. Bc1 Bg7 17. Rb1 f5 18. exf5 Rxf5 19. Rxf5 Qxf5 20. Ng3 Qf7 21. Be3 Rf8 22. d4 cxd4 23. Bxd4 Qf4 24. Nf1 Nf3+ 25. Bxf3 Bxd4+ 26. Kh1 Nc5 27. Qd2 Qxd2 1/2-1/2

[Event "Hessen-ch qual"]
[Site "Bruchkoebel"]
[Date "2002.03.27"]
[Round "7"]
[White "Wolf, Holger"]
[Black "Weissbeck, Wolf Dieter"]
[Result "1/2-1/2"]
[WhiteElo "1809"]
[BlackElo "1768"]
[PlyCount "156"]
[EventDate "2002.03.22"]
[EventType "swiss"]
[EventRounds "11"]
[EventCountry "GER"]
[SourceTitle "EXT 2003"]
[Source "ChessBase"]
[SourceDate "2002.11.25"]
[SourceVersion "1"]
[SourceVersionDate "2002.11.25"]
[SourceQuality "1"]

1. e4 d6 2. d4 Nf6 3. Bd3 g6 4. c3 Bg7 5. Nf3 0-0 6. 0-0 Nbd7 7. Re1 e5 8. Bg5 h6 9. Be3 Ng4 10. Nbd2 g5 11. h3 Ngf6 12. Nh2 Qe7 13. Ndf1 b6 14. Ng3 Nb8 15. Qd2 Nh7 16. Nh5 f6 17. Bc2 Be6 18. Rad1 Qf7 19. Nxg7 Qxg7 20. Rc1 Qd7 21. Bb3 Bxb3 22. axb3 Nc6 23. Ng4 Qg7 24. dxe5 Nxe5 25. Qd5+ Kh8 26. b4 h5 27. Nxe5 fxe5 28. Qd2 Qf6 29. Ra1 g4 30. hxg4 hxg4 31. Ra6 Qg6 32. Rea1 Rf7 33. Rxa7 Rxa7 34. Rxa7 Qxe4 35. Bxb6 Nf6 36. Qh6+ Nh7 37. Rxc7 Qe1+ 38. Kh2 Rxc7 39. Bxc7 Qxf2 40. Bxd6 g3+ 41. Kh3 Qf5+ 42. Kxg3 Kg8 43. Qd2 Nf6 44. Kh2 Ng4+ 45. Kg3 Nf6 46. Qe2 Ne4+ 47. Kh2 Nxd6 48. Qf3 Qh7+ 49. Qh3 Qe7 50. Kg1 e4 51. Kf1 Qf7+ 52. Ke2 Qc4+ 53. Kf2 Qf7+ 54. Ke3 Qd5 55. Qg4+ Kf8 56. Qe2 Nc4+ 57. Kf2 Ke7 58. b3 Qf5+ 59. Ke1 Ne5 60. Qe3 Nd3+ 61. Kd2 Qd5 62. Qa7+ Ke6 63. Qb6+ Kf5 64. Qa5 Nxb4+ 65. Qxd5+ Nxd5 66. c4 Nb4 67. Ke3 Ke5 68. c5 Nd5+ 69. Ke2 Kd4 70. c6 Kc5 71. c7 Nxc7 72. Ke3 Kd5 73. b4 Ke5 74. Ke2 Nb5 75. Ke3 Nc3 76. Kd2 Kd4 77. g4 e3+ 78. Ke1 Ke5 1/2-1/2

[Event "MVS Bezirks-ch"]
[Site "Bad Soden Salmuenster"]
[Date "2001.11.25"]
[Round "7"]
[White "Schneider, Uwe"]
[Black "Wolf, Holger"]
[Result "1/2-1/2"]
[WhiteElo "2023"]
[BlackElo "1764"]
[PlyCount "236"]
[EventDate "2001.11.??"]
[EventType "swiss"]
[EventRounds "7"]
[EventCountry "GER"]
[SourceTitle "EXT 2004"]
[Source "ChessBase"]
[SourceDate "2003.11.25"]
[SourceVersion "1"]
[SourceVersionDate "2003.11.25"]
[SourceQuality "1"]

1. d4 e6 2. c4 d5 3. Nf3 Nf6 4. Nc3 Be7 5. Bg5 Nbd7 6. e3 0-0 7. Bd3 h6 8. Bh4 a6 9. cxd5 Nxd5 10. Bxe7 Qxe7 11. Nxd5 exd5 12. 0-0 c6 13. Qc2 Nf6 14. Rab1 Be6 15. b4 Rfe8 16. a4 Rac8 17. Rfc1 Nd7 18. Nd2 g6 19. Nb3 f5 20. Qd2 Kg7 21. Nc5 Nxc5 22. bxc5 Rc7 23. Rb3 Qf7 24. Qb2 Ree7 25. Bb1 Kh7 26. Re1 Qf6 27. Qd2 Kg7 28. Rc3 Rf7 29. Re2 Qg5 30. Rc1 Qf6 31. Rce1 Qg5 32. Qb2 Qd8 33. e4 Qf6 34. exf5 Bxf5 35. Bxf5 Qxf5 36. Qd2 Qf4 37. g3 Qxd2 38. Rxd2 Rce7 39. Rde2 Rxe2 40. Rxe2 Kf6 41. Kg2 Rf8 42. Re3 Rd8 43. h4 Rd7 44. Re5 Rg7 45. Kf3 Rf7 46. g4 a5 47. Re8 g5 48. h5 Re7 49. Rf8+ Kg7 50. Rb8 Kf6 51. Kg3 Re4 52. Rxb7 Rxd4 53. Rb6 Rxa4 54. Rxc6+ Kg7 55. Rg6+ Kh7 56. Rd6 Rc4 57. c6 Kg7 58. Rxd5 Rxc6 59. Rxa5 Rc3+ 60. f3 Rc7 61. Ra6 Rf7 62. Rg6+ Kh7 63. Kf2 Rf4 64. Ke3 Rf7 65. Re6 Kg7 66. Rg6+ Kh7 67. Rb6 Kg7 68. Rb3 Rf4 69. Rb7+ Kg8 70. Re7 Ra4 71. Rd7 Rb4 72. Rd4 Rb5 73. Ke4 Kg7 74. Rd7+ Kg8 75. Rd5 Rb4+ 76. Kf5 Rb6 77. Re5 Kf7 78. Ra5 Rf6+ 79. Ke4 Rf4+ 80. Ke3 Rb4 81. Ra7+ Kg8 82. Rd7 Rf4 83. Re7 Rf6 84. Re5 Kg7 85. Rf5 Re6+ 86. Kd4 Re1 87. Ra5 Re7 88. Ra6 Rf7 89. Rg6+ Kh7 90. Ke4 Rf4+ 91. Ke3 Rf7 92. Re6 Kg7 93. Re4 Ra7 94. Rd4 Re7+ 95. Re4 Ra7 96. Kd4 Rf7 97. Ke3 Ra7 98. f4 Ra3+ 99. Kd4 gxf4 100. Rxf4 Ra4+ 101. Ke5 Ra5+ 102. Ke6 Ra6+ 103. Kf5 Ra5+ 104. Ke4 Rg5 105. Kf3 Ra5 106. Rb4 Rg5 107. Kf4 Rc5 108. Rb7+ Kg8 109. Re7 Rc4+ 110. Kf5 Rc5+ 111. Re5 Rc4 112. Re6 Kg7 113. Re7+ Kg8 114. Kg6 Rc6+ 115. Kf5 Rc4 116. Re5 Kg7 117. g5 hxg5 118. Kxg5 Rc6 1/2-1/2

[Event "MVS Bezirks-ch"]
[Site "Bad Soden Salmuenster"]
[Date "2001.11.25"]
[Round "6"]
[White "Wolf, Holger"]
[Black "Mueller, Achim"]
[Result "1-0"]
[WhiteElo "1764"]
[BlackElo "2082"]
[PlyCount "97"]
[EventDate "2001.11.??"]
[EventType "swiss"]
[EventRounds "7"]
[EventCountry "GER"]
[SourceTitle "EXT 2004"]
[Source "ChessBase"]
[SourceDate "2003.11.25"]
[SourceVersion "1"]
[SourceVersionDate "2003.11.25"]
[SourceQuality "1"]

1. e4 c5 2. Nf3 e6 3. b3 d6 4. Bb2 Nf6 5. d3 Be7 6. Be2 0-0 7. 0-0 Nbd7 8. Nbd2 b6 9. a4 a6 10. h3 Bb7 11. Nh2 Qc7 12. f4 e5 13. f5 d5 14. Bf3 dxe4 15. Nxe4 Nd5 16. Qd2 Rad8 17. Ng4 b5 18. Kh1 f6 19. axb5 axb5 20. Ra7 Ra8 21. Rfa1 Rxa7 22. Rxa7 Ra8 23. Rxb7 Qxb7 24. c4 N7b6 25. cxd5 Nxd5 26. Nc3 Rd8 27. Ne3 Qa6 28. Ncxd5 Bd6 29. Ng4 Qa2 30. Bc1 Qa1 31. Qb2 Qa5 32. Bd2 b4 33. Nge3 e4 34. Nc4 Be5 35. Nxa5 Bxb2 36. Bxe4 Kf8 37. Nc4 Bd4 38. Ndb6 Ke7 39. Be3 Bxe3 40. Nxe3 Kd6 41. Nec4+ Ke7 42. Kg1 Rg8 43. Kf2 g6 44. Nd5+ Kf7 45. Nf4 Ke7 46. fxg6 hxg6 47. Nxg6+ Kd7 48. Nf4 Ke7 49. Kf3 1-0